| 000 | 00000cam 2200000za 4500 |
| 001 | 9.855939 |
| 003 | CaOODSP |
| 005 | 20241203113642 |
| 007 | cr ||||||||||| |
| 008 | 180430s1988 onca|||#o f00| 0 eng d |
| 040 | |aCaOODSP|beng |
| 041 | |aeng|bfre |
| 043 | |an-cn-nt |
| 086 | 1 |aCW69-1/66E-PDF |
| 100 | 1 |aMiller, Frank L., |d1930- |
| 245 | 10|aMortality of migratory barren-ground caribou on the calving grounds of the Beverly herd, Northwest Territories, 1981-83 |h[electronic resource] / |cFrank L. Miller, Eric Broughton, Anne Gunn. |
| 260 | |a[Ottawa] : |bCanadian Wildlife Service, |cc1988. |
| 300 | |a26 p. : |bill. |
| 490 | 1 |aOccasional paper ; |vno. 66 |
| 500 | |aDigitized edition from print [produced by Environment and Climate Change Canada]. |
| 504 | |aIncludes bibliographical references. |
| 520 | 3 |a"The mortality of migratory barren-ground caribou (Rangifer tarandus groenlandicus) on the calving grounds of the Beverly caribou herd, District of Keewatin, Northwest Territories, was investigated in 1981,1982, and 1983. Two hundred and eighty-seven dead or incapacitated newborn caribou calves were found and necropsied between 31 May and 20 June 1981, 8 and 23 June 1982, and 6 and 17 June 1983. Wolf (Canis lupus) predation was the single most important cause of newborn calf mortality (68.5%), followed by atelectasis (fetal and neonatal) (14.2 %), pathophysiological disorders (6.7 % ), separation or abandonment (6.2 %), pneumonia (4.0 %), and grizzly bear (Ursus arctos) predation (0.4%)"--Abstract. |
| 546 | |aIncludes abstract in French. |
| 692 | 07|2gccst|aWildlife |
| 692 | 07|2gccst|aMigration |
| 692 | 07|2gccst|aDeath |
| 693 | 4|aBarren ground caribou |
| 700 | 1 |aBroughton, E. |
| 700 | 1 |aGunn, Anne. |
| 710 | 1 |aCanada. |bEnvironment Canada. |
| 710 | 2 |aCanadian Wildlife Service. |
| 830 | #0|aOccasional paper (Canadian Wildlife Service)|vno. 66|w(CaOODSP)9.504780 |
| 856 | 40|qPDF|s2.43 MB|uhttps://publications.gc.ca/collections/collection_2018/eccc/CW69-1-66-eng.pdf |